000 00426nam a22001337a 4500
008 131213b xxu||||| |||| 00| 0 eng d
050 _aBR127.N337 2012
100 _aNcube, Raphael M. Fr.
_95689
245 _aIsiKristu Lezinye Izinkolo Emhlabeni
_c Raphael M. Ncube Fr.
260 _aPlumtree
_bIlizwi Publications
_c2012
300 _aiv, 244p. ;
_c23cm.
650 _aChristianity
_xRelations
_95690
942 _2lcc
_cMONOGRAPH
999 _c119256
_d119256